00981 2200229 4500001002100000005001500021035002000036007000300056008004100059020001800100082001000118084001600128100002100144245009200165250000600257260003300263300004600296700003300342650001800375520034100393990001700734INLIS00000000000149920260504095922 a0010-1123000130ta260504 c 0 ind  a979-534-205-3 a611.8 a611.8 TRE s0 aTreays , Rebecca1 asains untuk pemula :bmempelajari indera /cRebecca Treays ; ilustrasi, Christyann Fox a- aBandung :bPakar Raya,c2004 a32 :bilus. ; gambar berwarna ;c28 cme-0 aChristyann Fox ( Ilustrasi ) 4aTubuh Manusia aBuku Sains untuk Pemula Mempelajari Indera ini mengajak pembaca untuk lebih mengenal indera indera yang dimiliki Melalui indera indera tersebut manusia melakukan interaksi dengan tubuhnya sendiri dan lingkungan sekitar Dengan mempelajari indera yang dimiliki pembaca diajak untuk lebih paham kegunaan indera dan bahaya yang mengancamnya a00047/K/2005